| 000 | 00806nam a2200277 i 4500 | ||
|---|---|---|---|
| 001 | 66572 | ||
| 003 | ES-MaACL | ||
| 005 | 20230906165720.0 | ||
| 007 | t| | ||
| 008 | 030328r20021976sp ||||0| spa d | ||
| 020 | _a84-254-1031-2 | ||
| 040 |
_aM-BN _bspa _cM-BN |
||
| 080 | _a141.31"04/14" | ||
| 100 | 1 |
_aCanals Vidal, Francisco. _934419 |
|
| 245 | 1 | 0 |
_aHistoria de la filosofía medieval / _cF. Canals Vidal. |
| 250 | _a5ª ed. | ||
| 260 |
_aBarcelona : _bHerder, _c[2002] |
||
| 300 |
_a337 p. ; _c22 cm. |
||
| 490 | 1 | _aCurso de filosofía tomista | |
| 504 | _aBibliografía. | ||
| 650 | 4 |
_aEscolasticismo. _9136013 |
|
| 650 | 1 | 4 |
_aFilosofía- _xHistoria- _yS.V-XV. _912814 |
| 830 | 0 |
_aCurso de filosofía tomista _9186770 |
|
| 852 |
_aES-MaACL _jL-27068 _bR.132743 |
||
| 999 |
_c66572 _d66572 |
||